[Event "DVM U16 2019"]
[Site "Magedburg"]
[Date "2019.12.27"]
[Round "1"]
[White "Stirnberg, Noah"]
[Black "Dietz, Florian"]
[Result "0-1"]
[WhiteElo "1877"]
[BlackElo "2116"]
[Annotator "TA"]
[PlyCount "74"]
[EventDate "2019.12.27"]
[EventType "team-tourn"]
[EventRounds "7"]
[EventCountry "GER"]
[SourceTitle "playchess.com"]
[Source "ChessBase"]
[SourceQuality "1"]
[WhiteTeam "SK BS Paderborn"]
[BlackTeam "Reideburger SV 90 Halle"]

{[%evp 9,74,1,12,7,0,-8,-6,-13,-3,-8,-2,-14,2,-28,-16,-21,-18,-33,-19,-44,-29,-22,-24,-38,-9,-16,0,0,24,14,12,-12,-19,-10,-21,-64,-9,0,10,1,29,24,27,0,20,12,18,-20,-16,-20,-11,-26,-22,-67,0,-21,0,0,0,-61,-61,-318,-315,-580,-221,-582,-588]} 1. f4 Nf6 2. Nf3 d5 3. g3 c5 4. Bg2 Nc6 5. O-O Bf5 6. d3 {A03: Bird's Opening with 1...d5} e6 7. Nh4 Be7 8. Nxf5 {The position is equal.} (8. Na3 O-O 9. Kh1 Re8 10. c3 Qd7 11. Qc2 d4 12. e4 dxe3 13. Nxf5 exf5 14. Bxe3 {1-0 (79) Movsziszian,K (2527)-Grela,K (2342) Teplice 2018}) 8... exf5 9. Nd2 $146 ({Predecessor:} 9. h3 O-O 10. Nd2 Qc7 11. b3 Rad8 12. e3 b5 13. Qf3 {0-1 (47) Mockus,D (1546)-Jonkus,L (1844) Lithuania 2018}) 9... Ng4 {...Ne3 is the strong threat.} 10. Nf3 O-O 11. h3 Nf6 12. Bd2 Re8 13. Kh2 Bf8 14. c3 Qb6 15. b3 Rad8 16. Re1 h6 17. Qc2 c4 18. d4 Ne4 19. bxc4 Na5 20. Ne5 Nxc4 21. Nxc4 dxc4 22. Bxe4 fxe4 (22... Rxe4 $15 23. e3 Qc6) 23. e3 $11 Qa5 24. Reb1 Rd7 25. a4 a6 26. Ra2 Qh5 {next ...Qe2+ is good for Black.} 27. g4 Qd5 28. Rb6 Bd6 29. Be1 Bc7 $36 {[%mdl 2048] White is under pressure.} 30. Rbb2 h5 31. Qg2 Re6 (31... hxg4 $15 32. Qxg4 Re6) 32. Bg3 Rh6 {White must now prevent ...hxg4.} 33. g5 Rb6 34. Qc2 ({White should try} 34. Rxb6 $11 Bxb6 35. Qb2) 34... Rb3 $15 35. Qb1 $2 {[%mdl 8192]} (35. Qd2 $15) 35... Rxc3 $19 36. Rxb7 $2 {[#]} (36. Re2) 36... Kh7 $2 (36... Bxf4 $1 {[%mdl 512]} 37. Bxf4 (37. exf4 Rxb7) 37... Rxb7) 37. Re2 $2 {[#]} (37. Qe1 {nothing else works.} Rxe3 38. Qxe3 Qxb7 39. Re2) 37... h4 $1 {[%mdl 512] Accuracy: White = 24%, Black = 34%.} 0-1

[Event "DVM U16 2019"]
[Site "Magedburg"]
[Date "2019.12.27"]
[Round "1"]
[White "Gluma, Christian"]
[Black "Alhamid, Mohamad"]
[Result "0-1"]
[WhiteElo "1856"]
[BlackElo "1688"]
[Annotator "NA"]
[PlyCount "98"]
[EventDate "2019.12.27"]
[EventType "team-tourn"]
[EventRounds "7"]
[EventCountry "GER"]
[SourceTitle "playchess.com"]
[Source "ChessBase"]
[SourceQuality "1"]
[WhiteTeam "SG Bochum"]
[BlackTeam "Delmenhorster SK"]
[TimeControl "40/5400+30:1800+30"]

1. e4 {[%emt 0:00:00]} e5 {[%emt 0:00:00]} 2. Nf3 {[%emt 0:00:00]} Nc6 {[%emt 0:00:00]} 3. Bc4 {[%emt 0:00:00]} Bc5 {[%emt 0:00:00]} 4. c3 {[%emt 0:00:04]} Nf6 {[%emt 0:00:02]} 5. d3 {[%emt 0:00:20]} a6 {[%emt 0:00:33]} 6. O-O {[%emt 0:00:35]} Ba7 {[%emt 0:00:15]} 7. Nbd2 {[%emt 0:00:55]} O-O {[%emt 0:00:15]} 8. h3 {[%emt 0:00:50]} d6 {[%emt 0:00:20]} 9. Bb3 {[%emt 0:01:04] unterminated} Be6 {[%emt 0:01:00]} 10. Bc2 {[%emt 0:01:41] C54: Giuoco Piano: 4 c3 Nf6, main lines with 5 d4 and 5 d3} h6 {[%emt 0:00:51] unterminated} (10... d5 11. Ng5 Qe8 12. Ndf3 Rd8 13. Nxe6 fxe6 14. Qe2 Nh5 15. Kh2 Nf4 16. Bxf4 Rxf4 17. Rae1 Qf7 {½-½ (42) Aronian,L (2764)-Kramnik,V (2792) Paris 2018}) 11. Re1 {[%emt 0:02:25]} Qd7 {[%emt 0:00:59] unterminated} 12. Nf1 {[%emt 0:03:10] unterminated} Ne7 {[%emt 0:01:44] unterminated} 13. Ng3 $146 {[%emt 0:11:47] unterminated} ({Predecessor:} 13. d4 exd4 14. cxd4 c6 15. Ng3 {1-0 (25) Tovio,I (2297)-Kostov,A (2100) Cartagena 2011}) 13... Ng6 {[%emt 0:05:25] unterminated} 14. d4 {[%emt 0:12:55] unterminated} c6 {[%emt 0:14:13] unterminated} 15. Be3 {[%emt 0:08:28] unterminated} exd4 {[%emt 0:03:37] unterminated} 16. cxd4 {[%emt 0:02:13] unterminated} Rad8 {[%emt 0:19:29] unterminated} (16... Qc7 $16 {was called for.}) 17. Qd3 {[%emt 0:08:05] unterminated} (17. d5 $18 {has better winning chances.} Bxe3 18. dxe6 (18. Rxe3 cxd5 19. exd5 Bxd5 $15) 18... Bxf2+ 19. Kxf2 fxe6 20. Kg1) 17... b5 {[%emt 0:18:40] unterminated} 18. Nd2 {[%emt 0:06:59]} ({White should try} 18. a4 $16) 18... Rfe8 {[%emt 0:05:33]} 19. f4 {[%emt 0:07:24]} Bc4 {[%emt 0:09:58]} 20. Qc3 {[%emt 0:07:51]} c5 {[%emt 0:00:18]} 21. d5 {[%emt 0:05:01]} Bxd5 {[%emt 0:00:15]} 22. Kh2 {[%emt 0:06:36]} Ba8 {[%emt 0:02:15]} 23. Rad1 {[%emt 0:02:11]} Qc7 {[%emt 0:02:05]} 24. Nf5 {[%emt 0:01:17]} b4 {[%emt 0:00:52]} 25. Qd3 {[%emt 0:01:10]} Nxe4 {[%emt 0:02:06]} 26. Qxa6 {[%emt 0:00:28]} Nxd2 {[%emt 0:01:17]} 27. Bxd2 {[%emt 0:01:26]} Rxe1 {[%emt 0:00:35]} 28. Rxe1 {[%emt 0:00:10]} d5 {[%emt 0:00:51] unterminated} 29. Kh1 $2 {[%emt 0:05:11] unterminated} (29. Nxh6+ $11 gxh6 30. Bxg6) 29... d4 {[%emt 0:00:30] unterminated} 30. Qf1 {[%emt 0:03:15] unterminated} c4 {[%emt 0:02:22]} 31. Ba4 {[%emt 0:00:56] unterminated} c3 {[%emt 0:00:30] unterminated} 32. bxc3 {[%emt 0:00:14]} bxc3 {[%emt 0:00:08]} 33. Bc1 {[%emt 0:00:13] unterminated} Bc6 $2 {[%emt 0:01:53]} (33... d3 34. Rd1 d2) 34. Bxc6 {[%emt 0:01:29]} Qxc6 {[%emt 0:00:01]} 35. Qd3 {[%emt 0:00:11]} Re8 {[%emt 0:02:29]} 36. Rd1 {[%emt 0:00:40]} Qe4 {[%emt 0:00:19]} 37. Qb5 {[%emt 0:00:35]} c2 {[%emt 0:00:44]} 38. Rf1 {[%emt 0:00:11]} Qe2 {[%emt 0:00:36]} 39. Qxe2 {[%emt 0:00:31]} Rxe2 {[%emt 0:00:07]} 40. Ng3 {[%emt 0:00:17]} Re8 {[%emt 0:00:46] unterminated} 41. Bd2 {[%emt 0:30:26] unterminated} d3 {[%emt 0:31:10]} 42. Rc1 {[%emt 0:00:46] [#] unterminated} Be3 $19 {[%emt 0:00:18]} 43. Re1 {[%emt 0:00:00]} Bxd2 {[%emt 0:00:00]} 44. Rxe8+ {[%emt 0:00:00]} Kh7 {[%emt 0:00:00]} 45. Rc8 {[%emt 0:00:00]} c1=Q+ {[%emt 0:00:00]} 46. Rxc1 {[%emt 0:00:00]} Bxc1 {[%emt 0:00:00]} 47. Ne4 {[%emt 0:00:00]} Nxf4 {[%emt 0:00:00]} 48. Kg1 {[%emt 0:00:00]} f5 {[%emt 0:00:00]} 49. Ng3 {[%emt 0:00:00]} d2 {[%emt 0:00:00] normal} 0-1

[Event "DVM U16 2019"]
[Site "Magedburg"]
[Date "2019.12.27"]
[Round "1"]
[White "Kosev, Momchil"]
[Black "Woelk, Tom-Frederic"]
[Result "0-1"]
[WhiteElo "1814"]
[BlackElo "2245"]
[Annotator "TA"]
[PlyCount "76"]
[EventDate "2019.12.27"]
[EventType "team-tourn"]
[EventRounds "7"]
[EventCountry "GER"]
[SourceTitle "playchess.com"]
[Source "ChessBase"]
[SourceQuality "1"]
[WhiteTeam "Erfurter SK"]
[BlackTeam "Hamburger SK"]

{[%evp 10,76,24,-7,3,0,1,-27,-17,-18,-19,-37,-37,-52,-56,-64,-63,-59,-52,-42,-44,-48,-31,-59,-58,-64,-57,-66,-60,-69,-57,-51,-54,-56,-56,-60,-23,-28,-8,-116,-85,-100,-111,-116,-86,-224,-210,-304,-296,-430,-439,-422,-441,-432,-432,-455,-411,-459,-459,-495,-480,-510,-503,-633,-608,-1489,-1369,-29990,-29991]} 1. Nf3 Nf6 2. g3 b5 3. Bg2 Bb7 4. d4 e6 5. O-O c5 6. b3 cxd4 {A46: 1 d4 Nf6 2 Nf3 e6: Torre, London and Colle Systems} (6... Na6 7. Na3 b4 8. Nb5 Qb6 9. a4 Be7 10. Bb2 O-O 11. c3 bxc3 12. Bxc3 Ne4 13. Bb2 d5 14. Ne5 {1-0 (37) Adly,A (2630)-Hjartarson,J (2582) Reykjavik 2010}) 7. Bb2 Be7 8. Bxd4 Nc6 {Black has an edge.} 9. Bb2 O-O 10. a4 b4 11. Nbd2 d5 12. Re1 Qb6 13. e3 Rac8 14. Rc1 Rfd8 15. Nd4 Na5 $146 ({Predecessor:} 15... Ne8 16. Nxc6 Rxc6 {1-0 (35) Mikavica,M (2116)-Djokic,N (2314) Belgrade 2019}) 16. h3 Nd7 17. N2f3 Nc5 18. Ne5 f6 19. Nd3 Nxd3 20. Qxd3 e5 21. Nf5 Bf8 22. g4 Rd7 23. Red1 Rcd8 24. e4 (24. Qb5 $11 {keeps the balance.}) 24... dxe4 25. Qxd7 Rxd7 26. Rxd7 Bc8 27. Rdd1 {[#]} (27. Rd5 $17) 27... Bc5 $1 $19 {[%cal Rc5f2]} 28. Bxe4 (28. Kh1 $142) 28... g6 ({Weaker is} 28... Bxf2+ 29. Kg2 $17) 29. Bd5+ (29. Ng3 $142 Bxf2+ {[%mdl 64] Double Attack} 30. Kg2) 29... Kf8 30. Ne3 Bxe3 31. fxe3 Qxe3+ {[%mdl 64] Double Attack} 32. Kg2 {Now Rd3 and White clings on.} h5 33. Rd3 Qe2+ {[%mdl 64] Double Attack} 34. Kh1 hxg4 35. hxg4 Bxg4 36. Bg2 {If only White now had time for Kg1....} Bf5 37. Rd5 {[#]} Be4 $1 {[%csl Ge4][%cal Re2g2]} 38. Rd2 Bxg2+ {Accuracy: White = 34%, Black = 72%.} 0-1

[Event "DVM U16 2019"]
[Site "Magedburg"]
[Date "2019.12.27"]
[Round "1"]
[White "Wagner, Victoria"]
[Black "Grabbel, Lennart Christian"]
[Result "1-0"]
[WhiteElo "1797"]
[BlackElo "1849"]
[Annotator "NA"]
[PlyCount "89"]
[EventDate "2019.12.27"]
[EventType "team-tourn"]
[EventRounds "7"]
[EventCountry "GER"]
[SourceTitle "playchess.com"]
[Source "ChessBase"]
[SourceQuality "1"]
[WhiteTeam "Erfurter SK"]
[BlackTeam "Hamburger SK"]
[TimeControl "40/5400+30:1800+30"]

1. e4 e5 2. Nf3 Nc6 3. Bc4 Bc5 4. O-O Nf6 5. d3 O-O 6. c3 d5 7. exd5 Nxd5 8. Re1 Bg4 {unterminated} 9. Nbd2 {C54: Giuoco Piano: 4 c3 Nf6, main lines with 5 d4 and 5 d3} Nb6 {unterminated} 10. Ne4 {unterminated} (10. h3 Bh5 11. Bb3 Qxd3 12. Nxe5 Bxd1 13. Nxd3 Bxb3 14. axb3 Be7 15. b4 a6 16. Ne4 Nd7 {1-0 (40) Giri,A (2797)-Harikrishna,P (2723) Shenzhen 2019}) 10... Nxc4 11. Nxc5 Nd6 {unterminated} 12. Ne4 {unterminated} Kh8 $146 {unterminated} ({Predecessor:} 12... Nxe4 13. Rxe4 f5 14. Re1 Kh8 15. Qe2 Qd7 16. Qe3 Rae8 17. d4 f4 18. Qe4 exd4 19. cxd4 Bxf3 20. Qxf3 Nxd4 21. Qd3 f3 {0-1 (21) Celmer,O (1852)-Arnaudov,P (2471) Norderstedt 2013}) 13. Ng3 {unterminated} f6 14. h3 Bc8 15. d4 exd4 16. Nxd4 Nxd4 {unterminated} 17. Qxd4 b6 {unterminated} 18. Bf4 Bb7 19. Rad1 Rf7 20. Nf5 Rd7 21. Bxd6 cxd6 22. Re6 Qg8 23. Rde1 d5 24. Nd6 Rad8 25. Nf5 Bc8 26. Ne7 Qf7 27. Qe3 Rc7 28. Nxc8 Rcxc8 29. Re7 d4 30. Rxf7 dxe3 31. Rxe3 Rd1+ 32. Kh2 Rd2 33. Ree7 Rg8 34. Rxa7 Rxf2 35. b4 Rc2 36. Rfb7 Rxc3 37. Rxb6 Rc2 38. Rbb7 Rb2 39. b5 Re8 40. a4 h6 {unterminated} 41. Rxg7 Ree2 {unterminated} 42. Rg6 f5 {unterminated} 43. Rf7 Rf2 {unterminated} 44. Rfg7 h5 45. b6 $18 {normal} (45. Rg8+ $142 Kh7 46. R6g7+ Kh6 47. Rg3 Kh7 48. R8g7+ Kh8 49. R7g5 Rxg2+ 50. Rxg2) 1-0

[Event "DVM U16 2019"]
[Site "Magedburg"]
[Date "2019.12.27"]
[Round "1"]
[White "Klaas, Heiko"]
[Black "Seinsoth, Paul"]
[Result "*"]
[WhiteElo "1759"]
[BlackElo "1629"]
[Annotator "NA RC"]
[PlyCount "64"]
[EventDate "2019.12.27"]
[EventType "team-tourn"]
[EventRounds "7"]
[EventCountry "GER"]
[SourceTitle "playchess.com"]
[Source "ChessBase"]
[SourceQuality "1"]
[WhiteTeam "Hamburger SK"]
[BlackTeam "Erfurter SK"]
[TimeControl "40/5400+30:1800+30"]

1. e4 c5 2. Nc3 a6 3. Nf3 b5 4. d4 cxd4 5. Nxd4 Bb7 6. Be3 d6 7. Qd2 Nc6 8. f3 Qc7 9. Nd5 Qd8 10. Nxc6 Bxc6 11. Bb6 Qb8 12. Nc7+ Kd7 13. Nxa8 Bxa8 14. Be3 e6 15. O-O-O Be7 16. Qa5 Qc8 17. Bf4 d5 18. Bd3 Nf6 19. Rhe1 Rd8 20. g4 h6 21. e5 Ne8 22. Be3 Nc7 23. f4 Ke8 24. f5 d4 25. f6 gxf6 26. exf6 Bf8 27. Bf2 Bf3 28. Be2 Bxe2 29. Rxe2 Nd5 30. Rxd4 Bc5 {unterminated} 31. Rde4 {unterminated} Nxf6 {unterminated} 32. Bxc5 Qxc5 {unterminated} *

[Event "DVM U16 2019"]
[Site "Magedburg"]
[Date "2019.12.27"]
[Round "1"]
[White "Janke, Julian"]
[Black "Seidel, Arne Christian"]
[Result "1/2-1/2"]
[WhiteElo "1659"]
[BlackElo "1636"]
[Annotator "NA RC"]
[PlyCount "102"]
[EventDate "2019.12.27"]
[EventType "team-tourn"]
[EventRounds "7"]
[EventCountry "GER"]
[SourceTitle "playchess.com"]
[Source "ChessBase"]
[SourceQuality "1"]
[WhiteTeam "SK BS Paderborn"]
[BlackTeam "Reideburger SV 90 Halle"]
[TimeControl "40/5400+30:1800+30"]

1. d4 {[%emt 0:00:00]} Nf6 {[%emt 0:00:00]} 2. Bf4 {[%emt 0:00:02]} e6 {[%emt 0:00:15]} 3. e3 {[%emt 0:01:20]} c5 {[%emt 0:00:55]} 4. c3 {[%emt 0:01:18]} Qb6 {[%emt 0:04:31]} 5. Qb3 {[%emt 0:03:09]} cxd4 {[%emt 0:01:00]} 6. Qxb6 {[%emt 0:06:38]} axb6 {[%emt 0:00:07]} 7. exd4 {[%emt 0:00:44]} Nc6 {[%emt 0:03:33]} 8. Nf3 {[%emt 0:02:52]} d5 {[%emt 0:05:55]} 9. Bc7 {[%emt 0:03:52]} Nd7 {[%emt 0:00:36]} 10. Bb5 {[%emt 0:04:18]} Be7 {[%emt 0:12:09]} 11. Nbd2 {[%emt 0:15:15]} Bd8 {[%emt 0:03:19]} 12. Bxd8 {[%emt 0:01:11]} Kxd8 {[%emt 0:01:39]} 13. O-O {[%emt 0:01:57]} Na7 {[%emt 0:00:54]} 14. Bd3 {[%emt 0:00:42]} h6 {[%emt 0:01:30]} 15. Ne5 {[%emt 0:09:04]} Nxe5 {[%emt 0:00:30]} 16. dxe5 {[%emt 0:00:07]} b5 {[%emt 0:01:45]} 17. f4 {[%emt 0:02:18]} g6 {[%emt 0:00:38]} 18. a4 {[%emt 0:06:54]} bxa4 {[%emt 0:01:32]} 19. Rxa4 {[%emt 0:00:12]} Bd7 {[%emt 0:00:07]} 20. Rb4 {[%emt 0:00:55]} Kc7 {[%emt 0:00:44]} 21. c4 {[%emt 0:01:17]} Nc6 {[%emt 0:01:31]} 22. Rb3 {[%emt 0:02:53]} Nd4 {[%emt 0:11:27]} 23. Rc3 {[%emt 0:04:35]} Bc6 {[%emt 0:00:08]} 24. cxd5 {[%emt 0:03:37]} exd5 {[%emt 0:00:03]} 25. Nb3 {[%emt 0:04:01]} Nxb3 {[%emt 0:01:35]} 26. Rxb3 {[%emt 0:00:08]} Ra4 {[%emt 0:01:03]} 27. f5 {[%emt 0:03:04]} g5 {[%emt 0:01:43]} 28. Rc3 {[%emt 0:04:34]} Rb4 {[%emt 0:01:36]} 29. b3 {[%emt 0:04:26]} Re8 {[%emt 0:08:47]} 30. Re1 {[%emt 0:00:39]} d4 {[%emt 0:01:19]} 31. Rc4 {[%emt 0:00:33]} Rxb3 {[%emt 0:00:07]} 32. Rxd4 {[%emt 0:00:21]} Rb2 {[%emt 0:00:08]} 33. Bf1 {[%emt 0:01:34]} Rd8 {[%emt 0:01:21]} 34. Rxd8 {[%emt 0:05:08]} Kxd8 {[%emt 0:00:07]} 35. e6 {[%emt 0:00:14]} f6 {[%emt 0:00:57]} 36. g4 {[%emt 0:05:16]} Ke7 {[%emt 0:09:15]} 37. Re3 {[%emt 0:02:21]} Rb4 {[%emt 0:02:47]} 38. Be2 {[%emt 0:00:44]} Re4 {[%emt 0:00:16]} 39. Rxe4 {[%emt 0:00:28]} Bxe4 {[%emt 0:00:02]} 40. Kf2 {[%emt 0:00:07]} Bc6 {[%emt 0:03:04]} 41. Bf3 {[%emt 0:02:19]} Ba4 {[%emt 0:02:37]} 42. Bxb7 {[%emt 0:01:06]} Bc2 {[%emt 0:00:31]} 43. Ke3 {[%emt 0:02:56]} Bd1 {[%emt 0:00:17]} 44. Bf3 {[%emt 0:00:17]} Ba4 {[%emt 0:00:07]} 45. Be2 {[%emt 0:01:17]} Bc6 {[%emt 0:00:19]} 46. Bd3 {[%emt 0:00:19]} Bg2 {[%emt 0:00:35]} 47. Kf2 {[%emt 0:00:07]} Bc6 {[%emt 0:00:08]} 48. Kg3 {[%emt 0:00:06]} Ba4 {[%emt 0:00:41]} 49. Be2 {[%emt 0:00:13]} Bc2 {[%emt 0:00:13]} 50. h4 {[%emt 0:00:10]} Be4 {[%emt 0:00:38]} 51. hxg5 {[%emt 0:01:41]} hxg5 {[%emt 0:00:09] normal} 1/2-1/2

[Event "DVM U16 2019"]
[Site "Magedburg"]
[Date "2019.12.27"]
[Round "1"]
[White "Afonso, Phil"]
[Black "Ponomarev, Maximilian"]
[Result "0-1"]
[WhiteElo "1650"]
[BlackElo "2046"]
[Annotator "NA RC"]
[PlyCount "66"]
[EventDate "2019.12.27"]
[EventType "team-tourn"]
[EventRounds "7"]
[EventCountry "GER"]
[SourceTitle "playchess.com"]
[Source "ChessBase"]
[SourceQuality "1"]
[WhiteTeam "SF 59 Kornwestheim"]
[BlackTeam "SK München Südost"]
[WhiteTeamCountry "GER"]
[TimeControl "40/5400+30:1800+30"]

1. e4 {[%emt 0:00:00]} c5 {[%emt 0:00:00]} 2. Nf3 {[%emt 0:00:00]} e6 {[%emt 0:00:00]} 3. d4 {[%emt 0:00:00]} cxd4 {[%emt 0:00:00]} 4. Nxd4 {[%emt 0:00:09]} a6 {[%emt 0:00:00]} 5. Nc3 {[%emt 0:00:31]} Qc7 {[%emt 0:00:00]} 6. Bd3 {[%emt 0:00:25]} Nf6 {[%emt 0:00:02]} 7. O-O {[%emt 0:01:08]} Bc5 {[%emt 0:00:12]} 8. Nb3 {[%emt 0:00:55]} Be7 {[%emt 0:00:10]} 9. Be3 {[%emt 0:00:47] B43: Sicilian: Kan Variation: 5 Nc3} (9. f4 d6 10. e5 dxe5 11. fxe5 Nfd7 12. Qg4 g6 13. Bf4 Nc6 14. Rae1 Ndxe5 15. Qg3 f6 16. Be4 O-O 17. Kh1 Bd7 18. Bxg6 hxg6 19. Rxe5 Nxe5 20. Bxe5 fxe5 21. Qxg6+ Kh8 22. Qh6+ Kg8 23. Qg6+ {½-½ (23) Kadric,D (2537)-Akopian,V (2655) Abu Dhabi 2018}) 9... O-O {[%emt 0:00:10] unterminated} 10. f4 {[%emt 0:01:00] unterminated} d6 {[%emt 0:17:31] unterminated} 11. Rf3 $146 {[%emt 0:04:12] unterminated} ({Predecessor:} 11. a4 b6 12. g4 Nc6 13. g5 Nd7 14. Rf3 g6 15. h4 Nc5 16. h5 Re8 17. Rh3 Nxd3 18. cxd3 {1-0 (25) Ahmadzada,A (2337)-Simantsev,M (2401) Baku 2019}) 11... Nbd7 {[%emt 0:04:57] unterminated} 12. Rg3 {[%emt 0:05:25] unterminated} Kh8 {[%emt 0:07:44]} 13. Qe2 {[%emt 0:04:12] unterminated} b5 {[%emt 0:05:14] unterminated} 14. a3 {[%emt 0:01:00]} Bb7 {[%emt 0:00:12] unterminated} 15. Rh3 {[%emt 0:06:40] unterminated} Rfe8 {[%emt 0:13:19]} 16. Nd2 {[%emt 0:03:32] unterminated} Nc5 {[%emt 0:04:35] unterminated} (16... e5 $11) 17. Bxc5 {[%emt 0:09:35]} ({White should play} 17. Rf1) 17... Qxc5+ {[%emt 0:00:36]} 18. Kf1 {[%emt 0:00:28] unterminated} e5 {[%emt 0:01:38]} 19. f5 {[%emt 0:02:07] unterminated} Rad8 $15 {[%emt 0:04:51]} 20. Nf3 {[%emt 0:02:22]} Kg8 {[%emt 0:01:55]} 21. Rd1 {[%emt 0:10:42]} Bf8 {[%emt 0:03:29]} 22. Qf2 {[%emt 0:01:28]} Qxf2+ {[%emt 0:01:45]} 23. Kxf2 {[%emt 0:00:09]} d5 {[%emt 0:00:08]} 24. exd5 {[%emt 0:00:42]} e4 {[%emt 0:00:29]} 25. Nxe4 {[%emt 0:04:01]} Nxe4+ {[%emt 0:00:44]} 26. Bxe4 {[%emt 0:01:02]} Rxe4 {[%emt 0:02:08]} 27. Ng5 {[%emt 0:01:10]} Rf4+ {[%emt 0:01:14]} 28. Kg3 {[%emt 0:00:51]} Bd6 {[%emt 0:01:18]} 29. Rd3 {[%emt 0:02:52]} Rxf5+ {[%emt 0:00:05]} 30. Kg4 {[%emt 0:00:18]} Rf4+ {[%emt 0:01:11]} 31. Kg3 {[%emt 0:00:21]} Bc8 {[%emt 0:02:27]} 32. Rh4 {[%emt 0:01:49]} Rg4+ {[%emt 0:00:18]} 33. Kh3 {[%emt 0:01:02]} Rg3# {normal} 0-1

[Event "DVM U16 2019"]
[Site "Magedburg"]
[Date "2019.12.27"]
[Round "1"]
[White "Rabe, Maximilian"]
[Black "Biermann, Lenhard"]
[Result "0-1"]
[WhiteElo "1569"]
[BlackElo "2098"]
[Annotator "NA RC"]
[PlyCount "66"]
[EventDate "2019.12.27"]
[EventType "team-tourn"]
[EventRounds "7"]
[EventCountry "GER"]
[SourceTitle "playchess.com"]
[Source "ChessBase"]
[SourceQuality "1"]
[WhiteTeam "Delmenhorster SK"]
[BlackTeam "SG Bochum"]
[TimeControl "40/5400+30:1800+30"]

1. e4 {[%emt 0:00:00]} e6 {[%emt 0:00:00]} 2. d4 {[%emt 0:00:00]} d5 {[%emt 0:00:00]} 3. Bd3 {[%emt 0:00:00]} dxe4 {[%emt 0:03:51]} 4. Bxe4 {[%emt 0:00:54] unterminated} Nf6 {[%emt 0:00:32] unterminated} 5. Bf3 {[%emt 0:02:18] unterminated} Be7 {[%emt 0:02:53] unterminated} 6. Ne2 {[%emt 0:03:39] C01: French: Exchange Variation} O-O {[%emt 0:00:39] unterminated} 7. O-O {[%emt 0:01:44] unterminated} Nbd7 {[%emt 0:10:07] unterminated} 8. c4 {[%emt 0:21:52] unterminated} e5 {[%emt 0:09:10] unterminated} 9. Nbc3 {[%emt 0:07:37] unterminated} Re8 $146 {[%emt 0:10:02] unterminated} ({Predecessor:} 9... exd4 10. Nxd4 Ne5 11. Be2 c6 12. Bf4 {0-1 (50) Sudakova,I (2350)-Swiercz,D (2584) Warsaw 2011}) 10. Re1 {[%emt 0:12:39] unterminated} c6 {[%emt 0:23:10] unterminated} 11. Kf1 {[%emt 0:07:30] unterminated} Bf8 {[%emt 0:04:02] unterminated} 12. Ng3 {[%emt 0:03:35]} exd4 {[%emt 0:02:51]} 13. Qxd4 {[%emt 0:06:37]} Rxe1+ {[%emt 0:00:51]} 14. Kxe1 {[%emt 0:00:11]} Bc5 {[%emt 0:00:22]} 15. Qd3 {[%emt 0:02:50] unterminated} Qe7+ {[%emt 0:02:39] unterminated} 16. Be2 {[%emt 0:03:22]} Ne5 {[%emt 0:01:01]} 17. Qc2 {[%emt 0:02:01] unterminated} Nxc4 {[%emt 0:11:51] unterminated} 18. Kf1 {[%emt 0:08:33] unterminated} Nd6 {[%emt 0:06:20]} 19. Bf4 {[%emt 0:03:08] unterminated} Be6 {[%emt 0:02:48]} 20. Rd1 {[%emt 0:01:55]} Rd8 {[%emt 0:02:40] unterminated} 21. Bf3 {[%emt 0:03:26]} Bb6 {[%emt 0:02:51] unterminated} 22. b3 {[%emt 0:02:30]} Bc7 {[%emt 0:00:55] unterminated} 23. Qc1 {[%emt 0:01:18]} Nde8 {[%emt 0:00:30] unterminated} 24. Rxd8 {[%emt 0:00:44] unterminated} Qxd8 {[%emt 0:00:05] unterminated} 25. Bxc7 {[%emt 0:01:09]} Nxc7 {[%emt 0:00:03]} 26. Qe3 {[%emt 0:00:13] unterminated} a6 {[%emt 0:01:30] unterminated} 27. Nce4 {[%emt 0:02:04] unterminated} Nxe4 {[%emt 0:00:54]} 28. Nxe4 {[%emt 0:00:07]} Nd5 {[%emt 0:00:25]} 29. Qd2 {[%emt 0:01:02]} Qe7 {[%emt 0:00:17]} 30. Nc3 {[%emt 0:00:57]} Nxc3 {[%emt 0:00:09]} 31. Qxc3 {[%emt 0:00:03] unterminated} Qd6 {[%emt 0:00:18]} 32. h3 {[%emt 0:00:43]} h6 {[%emt 0:00:27] unterminated} 33. Ke2 {[%emt 0:00:42]} Bd5 $17 {[%emt 0:00:14] normal} 0-1

[Event "DVM U16 2019"]
[Site "Magedburg"]
[Date "2019.12.27"]
[Round "2"]
[White "Köllner, Ruben Gideon"]
[Black "Bosselmann, Tom Linus"]
[Result "1-0"]
[WhiteElo "2330"]
[BlackElo "2077"]
[Annotator "NA"]
[PlyCount "39"]
[EventDate "2019.12.27"]
[EventType "team-tourn"]
[EventRounds "7"]
[EventCountry "GER"]
[SourceTitle "playchess.com"]
[Source "ChessBase"]
[SourceQuality "1"]
[WhiteTeam "SG Bochum"]
[BlackTeam "Lübecker SV"]
[BlackTeamCountry "GER"]
[TimeControl "40/5400+30:1800+30"]

1. d4 {[%emt 0:00:00]} g6 {[%emt 0:00:10]} 2. Nf3 {[%emt 0:00:00]} Nf6 {[%emt 0:00:04]} 3. Nbd2 {[%emt 0:00:00]} Bg7 {[%emt 0:00:21]} 4. e4 {[%emt 0:00:00]} d6 {[%emt 0:00:13]} 5. Bc4 {[%emt 0:00:02]} O-O {[%emt 0:00:58]} 6. O-O {[%emt 0:00:19]} c6 {[%emt 0:00:09]} 7. c3 {[%emt 0:00:13]} b5 {[%emt 0:01:06]} 8. Bb3 {[%emt 0:03:37]} Bb7 {[%emt 0:01:16]} 9. Re1 {[%emt 0:02:18]} Nbd7 {[%emt 0:01:13]} 10. e5 {[%emt 0:02:35]} dxe5 {[%emt 0:00:29]} 11. dxe5 {[%emt 0:00:11]} Nd5 {[%emt 0:01:24]} 12. e6 {[%emt 0:11:51]} fxe6 {[%emt 0:03:10]} 13. Ng5 {[%emt 0:09:59]} Qb6 {[%emt 0:09:22]} 14. Ndf3 {[%emt 0:04:07]} Nc5 {[%emt 0:09:17]} 15. Nxe6 {[%emt 0:11:27]} Nxe6 {[%emt 0:00:25]} 16. Rxe6 {[%emt 0:00:05]} Qc7 {[%emt 0:00:34]} 17. Qe2 {[%emt 0:00:41]} Bf6 {[%emt 0:03:45]} 18. Bg5 {[%emt 0:04:57]} Kf7 {[%emt 0:09:48]} 19. Re1 {[%emt 0:02:26]} Rfe8 {[%emt 0:00:59]} 20. Bxf6 {[%emt 0:01:01] normal} 1-0